MARC

LEADER 00000nam0a2200000 4500
001 28649
005 20231030202925.0
035 |a (RuTPU)RU\TPU\book\28906 
035 |a BOOK00000631 
090 |a 28649 
100 |a 20011209d1993 k y0rusy50 ca 
101 0 |a rus 
102 |a RU 
105 |a  000|y 
200 1 |a Физическая механика  |e Сборник научных трудов  |f Тверской гос. ун-т 
210 |a Тверь  |c [Б. и.]  |d 1993 
215 |a 95 с. 
610 1 |a физика 
610 1 |a физическая механика 
610 1 |a гидродинамика 
610 1 |a сплошные среды 
610 1 |a макроскопические процессы 
610 1 |a жидкие фазы 
610 1 |a структурные тела 
610 1 |a динамика 
675 |a 531/534  |v 3 
712 0 2 |a Тверской государственный университет 
801 0 |a RU  |b 63413507  |c 20011209  |g PSBO 
801 2 |a RU  |b 63413507  |c 20180302  |g RCR 
942 |c BK